Super pendus - Réalisateurs(trices) de cinéma - Statistiques

Statistiques générales
  • Ce quiz a été pris 354 fois
  • Le résultat moyen est 60 sur 74
Statistiques - réponses
Réponses % Correct
E
97%
E
97%
E
97%
E
97%
E
97%
E
97%
E
97%
E
97%
E
97%
E
97%
E
97%
E
97%
E
97%
O
93%
O
93%
O
93%
O
93%
I
91%
I
91%
I
91%
I
91%
I
91%
I
91%
I
91%
L
90%
L
90%
L
90%
L
90%
L
90%
L
90%
R
90%
R
90%
R
90%
R
90%
R
90%
R
90%
R
90%
S
84%
S
84%
S
84%
S
84%
S
84%
S
84%
C
83%
C
83%
C
83%
C
83%
C
83%
B
81%
B
81%
T
80%
T
80%
G
76%
G
76%
G
76%
G
76%
N
76%
P
76%
M
69%
M
69%
M
69%
U
66%
H
62%
H
62%
K
60%
K
60%
D
55%
F
55%
F
55%
Y
37%
Z
28%
W
26%
W
26%
W
26%
Aucun quiz correspondant
Distribution des résultats
% des personnes avec chaque résultat
Percentile par nombre de réponses
Votre historique - résultats
Vous n’avez pas pris ce quiz